Estatísticas para Os 8 continentes em 20 Segundos

Clique aqui para jogar o quiz

Estatísticas Gerais

  • Esse quiz foi jogado 467 vezes
  • A pontuação média é 5 de 8

Estatísticas das Respostas

Resposta% Correto
América do sul
92%
América do norte
85%
Asia
78%
Africa
71%
Europa
70%
Oceania
70%
Antártida
43%
América central
40%

Distribuição das Pontuações

Percentil de Números Respondidos

Porcentagem de Pessoas com Cada Pontuação

Sua Pontuação Histórica

Você não jogou esse quiz